| 000 | 01498cam a2200361 a 4500 | ||
|---|---|---|---|
| 999 |
_c24354 _d24354 |
||
| 001 | 15258151 | ||
| 005 | 20170128113932.0 | ||
| 008 | 080411s2008 maua b 001 0 eng | ||
| 010 | _a 2008016997 | ||
| 015 |
_aGBA8A7152 _2bnb |
||
| 016 | 7 |
_a014749085 _2Uk |
|
| 020 | _a9780262026536 (hardcover : alk. paper) | ||
| 020 | _a0262026538 (hardcover : alk. paper) | ||
| 035 | _a(OCoLC)ocn216938373 | ||
| 035 | _a(OCoLC)216938373 | ||
| 050 | 0 | 0 |
_aN7433.84.G7 _bW45 2008 |
| 245 | 0 | 0 |
_aWhite heat cold logic : _bBritish computer art 1960-1980 / _cedited by Paul Brown ... [et al.]. |
| 260 |
_aCambridge, Mass. : _bMIT Press, _cc2008. |
||
| 300 |
_ax, 450 p. : _bill. ; _c24 cm. |
||
| 490 | 1 | _aLeonardo | |
| 504 | _aIncludes bibliographical references and index. | ||
| 650 | 0 |
_aComputer art _zGreat Britain. |
|
| 650 | 0 |
_aArt, British _y20th century. |
|
| 700 | 1 |
_aBrown, Paul, _d1947 October 23- |
|
| 830 | 0 | _aLeonardo books. | |
| 856 | 4 | 1 |
_3Table of contents only _uhttp://www.loc.gov/catdir/toc/ecip0816/2008016997.html |
| 942 |
_2lcc _cBOOKS |
||